000 00601nam a2200241Ia 4500
003 OSt
005 20221006151848.0
006 a|||||r|||| 00| 0
007 ta
008 221006b |||||||| |||| 00| 0 eng d
020 _c685.00
024 _a23,733
037 _cTextual
040 _aEASL
_cEASL
_beng
041 _2eng
_aeng
100 _aTONG T K
_9660164
245 0 _aMemoirs of Li Tsung-Jen
260 _aBoulder
_bWestview Press
_c1979
300 _a642p.
_ccm.
700 _a TUNG-JEN Li
_9660165
942 _cTEXL
_2CC
999 _c1091819
_d1091819